header

Counselling and the life course (Record no. 55594)

MARC details
000 -LEADER
fixed length control field 01345nam a2200361 a 4500
082 04 - DEWEY DECIMAL CLASSIFICATION NUMBER
Classification number 361.06
100 1# - MAIN ENTRY--AUTHOR NAME
Personal name Sugarman, L?eonie,
245 10 - TITLE STATEMENT
Title Counselling and the life course
260 ## - PUBLICATION, DISTRIBUTION, ETC. (IMPRINT)
Place of publication London ;
-- Thousand Oaks, Calif. :
Name of publisher SAGE Publications,
Year of publication 2004.
300 ## - PHYSICAL DESCRIPTION
Number of Pages 130 p.
490 1# - SERIES STATEMENT
Series statement Professional skills for counsellors
650 #0 - SUBJECT ADDED ENTRY--TOPICAL TERM
Topical Term Counseling.
Topical Term Developmental psychology.
856 40 - ELECTRONIC LOCATION AND ACCESS
Uniform Resource Identifier http://site.ebrary.com/lib/rucke/Doc?id=10080994

No items available.

© 2026 Rongo University
Contact us: librarian | system librarian | Rongo university